[Event "Niederbayernliga 1516"]
[White "Schoepe, Tobias"]
[Black "Wiedmann, Klaus"]
[Site "Bayern"]
[Round "7.2"]
[Result "1/2-1/2"]
[Date "2016.02.21"]
[WhiteElo "1976"]
[BlackElo "2011"]
[PlyCount "62"]
[EventDate "2015.10.11"]
[EventType "team-tourn"]
[EventRounds "9"]
[EventCountry "GER"]
[SourceTitle "EXT 2023"]
[Source "ChessBase"]
[SourceDate "2022.10.05"]
[SourceVersion "1"]
[SourceVersionDate "2022.10.05"]
[SourceQuality "1"]
[WhiteTeam "Ergolding"]
[BlackTeam "Rottal II"]
[WhiteTeamCountry "GER"]
[BlackTeamCountry "GER"]

1. e4 c5 2. Nc3 Nc6 3. f4 d6 4. Nf3 g6 5. Bb5 Bg7 6. 0-0 e6 7. d3 Nge7 8. Qe1 a6 9. Bxc6+ Nxc6 10. f5 0-0 11. fxg6 fxg6 12. Bg5 Qd7 13. Qd2 b5 14. Bh6 Bxh6 15. Qxh6 Qg7 16. Qh4 Bd7 17. Rae1 Nd4 18. Nxd4 cxd4 19. Ne2 e5 20. c3 dxc3 21. Nxc3 Be6 22. a3 Rae8 23. Qg5 Rxf1+ 24. Rxf1 Qa7+ 25. Kh1 Qe7 26. Qe3 Rf8 27. Rxf8+ Qxf8 28. Kg1 Qf4 29. Qxf4 exf4 30. Kf2 Kf7 31. Ne2 g5 1/2-1/2

[Event "Niederbayernliga 1213"]
[White "Mauritz, Guenther"]
[Black "Schoepe, Tobias"]
[Site "Bayern"]
[Round "6"]
[Result "1/2-1/2"]
[Date "2013.??.??"]
[WhiteElo "1848"]
[BlackElo "1906"]
[PlyCount "181"]
[EventDate "2012.10.14"]
[EventType "team-tourn"]
[EventRounds "9"]
[EventCountry "GER"]
[SourceTitle "EXT 2023"]
[Source "ChessBase"]
[SourceDate "2022.10.05"]
[SourceVersion "1"]
[SourceVersionDate "2022.10.05"]
[SourceQuality "1"]
[WhiteTeam "Aidenbach"]
[BlackTeam "Ergolding"]
[WhiteTeamCountry "GER"]
[BlackTeamCountry "GER"]

1. e4 e6 2. d4 d5 3. Nc3 Nf6 4. Bg5 Be7 5. e5 Nfd7 6. h4 a6 7. Qg4 h5 8. Qg3 Bxg5 9. hxg5 g6 10. Qe3 c5 11. Nge2 Nc6 12. f4 Qb6 13. 0-0-0 Rg8 14. g4 hxg4 15. Bg2 Ne7 16. Ng3 cxd4 17. Qxd4 Qxd4 18. Rxd4 Nf5 19. Nxf5 gxf5 20. Ne2 b5 21. b3 Bb7 22. c4 Rc8 23. Kd1 bxc4 24. bxc4 Nb6 25. cxd5 Bxd5 26. Bxd5 Nxd5 27. Ng3 Nc3+ 28. Kd2 Ke7 29. Rc1 Nb5 30. Rdc4 Rcd8+ 31. Ke3 Rh8 32. a4 Rh3 33. Kf2 Rd2+ 34. Ke1 Rg2 35. Nf1 Na3 36. Rc8 Nc2+ 37. R8xc2 Rxc2 38. Rxc2 Ra3 39. Rc7+ Kf8 40. Rc4 Kg7 41. Kf2 Ra2+ 42. Kg1 Kg6 43. Rd4 Kh5 44. Rd2 Rxa4 45. Rh2+ Kg6 46. Rh6+ Kg7 47. Ng3 Ra1+ 48. Kf2 Ra2+ 49. Ke1 Kf8 50. Rh8+ Ke7 51. Ra8 Ra1+ 52. Kd2 Ra2+ 53. Kc1 Rh2 54. Rxa6 Rh3 55. Ra3 Kf8 56. Kd1 Kg7 57. Ke1 Kg6 58. Kf2 Rh2+ 59. Kg1 Rb2 60. Ra8 Rb1+ 61. Nf1 Kg7 62. Kf2 Rb2+ 63. Kg1 Rb1 64. Rd8 Ra1 65. Kg2 Ra2+ 66. Rd2 Ra4 67. Ng3 Kg6 68. Rf2 Rb4 69. Kg1 Rb1+ 70. Nf1 Ra1 71. Rh2 Rb1 72. Rh6+ Kg7 73. Rf6 Ra1 74. g6 fxg6 75. Rxe6 Ra4 76. Ne3 Rxf4 77. Nd5 Re4 78. Nf6 Re3 79. Kf2 Rf3+ 80. Ke2 Kf7 81. Rc6 Ra3 82. Nh7 Ra5 83. Ng5+ Kg7 84. Rc7+ Kf8 85. e6 Re5+ 86. Kf2 f4 87. Nh7+ Ke8 88. Nf6+ Kd8 89. Rd7+ Kc8 90. e7 g3+ 91. Kf1 1/2-1/2

[Event "Niederbayernliga 1314"]
[White "Schoepe, Tobias"]
[Black "Wiedmann, Klaus"]
[Site "Bayern"]
[Round "3"]
[Result "1/2-1/2"]
[Date "2013.??.??"]
[WhiteElo "1906"]
[BlackElo "1970"]
[PlyCount "32"]
[EventDate "2013.10.13"]
[EventType "team-tourn"]
[EventRounds "9"]
[EventCountry "GER"]
[SourceTitle "EXT 2023"]
[Source "ChessBase"]
[SourceDate "2022.10.05"]
[SourceVersion "1"]
[SourceVersionDate "2022.10.05"]
[SourceQuality "1"]
[WhiteTeam "Ergolding"]
[BlackTeam "Rottal II"]
[WhiteTeamCountry "GER"]
[BlackTeamCountry "GER"]

1. Nf3 Nf6 2. g3 d5 3. d4 e6 4. Bg2 Be7 5. 0-0 0-0 6. b3 Nbd7 7. c4 c6 8. Bb2 b6 9. Nbd2 Bb7 10. Ne5 c5 11. e3 Rc8 12. f4 Ne4 13. Nxe4 dxe4 14. Qc2 f5 15. Rad1 Nxe5 16. dxe5 Qc7 1/2-1/2

[Event "GER-ch Net qual1 U18"]
[White "Schoepe, Tobias"]
[Black "Schiffer, Stefan"]
[Site "Playchess.com INT"]
[Round "7"]
[Result "1-0"]
[Date "2012.09.01"]
[WhiteElo "1940"]
[BlackElo "1749"]
[PlyCount "97"]
[EventDate "2012.09.01"]
[EventType "swiss (blitz)"]
[EventRounds "7"]
[EventCountry "GER"]
[SourceTitle "CBM 150 Extra"]
[Source "ChessBase"]
[SourceDate "2012.10.19"]
[SourceVersion "1"]
[SourceVersionDate "2012.10.19"]
[SourceQuality "1"]

1. e4 c5 2. Nc3 e6 3. f4 d5 4. d3 Nf6 5. e5 Nfd7 6. Nf3 Nc6 7. g3 Rb8 8. Bg2 b5 9. 0-0 b4 10. Ne2 Be7 11. f5 Ndxe5 12. Nf4 Nxf3+ 13. Bxf3 0-0 14. fxe6 fxe6 15. Re1 Nd4 16. Bg2 Bf6 17. Nh5 Bg5 18. Bf4 Bxf4 19. Nxf4 Qf6 20. Rf1 Nf5 21. Qe2 Qd4+ 22. Kh1 Qe3 23. Qh5 Qd4 24. Rae1 Rb6 25. b3 Ne3 26. Rf2 Nxg2 27. Rxg2 g6 28. Qg5 Qf6 29. Qxf6 Rxf6 30. Rge2 Kf7 31. Re5 Rd6 32. Kg2 a5 33. h3 Bb7 34. Kg1 a4 35. R1e2 axb3 36. axb3 Ra6 37. Rf2 Ra1+ 38. Kh2 g5 39. Rxg5 d4 40. g4 Rh1+ 41. Kg3 Rg1+ 42. Kh4 h6 43. Rh5 Bc6 44. Rxc5 h5 45. Rxc6 hxg4 46. hxg4 Rh6+ 47. Kg5 Rh8 48. Ng6+ Ke8 49. Nxh8 1-0

[Event "Niederbayernliga 1112"]
[White "Griesbeck, Robert"]
[Black "Schoepe, Tobias"]
[Site "Bayern"]
[Round "5"]
[Result "0-1"]
[Date "2012.??.??"]
[WhiteElo "1829"]
[BlackElo "1849"]
[PlyCount "63"]
[EventDate "2011.10.??"]
[EventType "team-tourn"]
[EventRounds "9"]
[EventCountry "GER"]
[SourceTitle "EXT 2023"]
[Source "ChessBase"]
[SourceDate "2022.10.05"]
[SourceVersion "1"]
[SourceVersionDate "2022.10.05"]
[SourceQuality "1"]
[WhiteTeam "Straubing SC"]
[BlackTeam "Ergolding"]
[WhiteTeamCountry "GER"]
[BlackTeamCountry "GER"]

1. d4 Nf6 2. c4 g6 3. Nc3 d5 4. cxd5 Nxd5 5. e4 Nxc3 6. bxc3 Bg7 7. Nf3 c5 8. Bb5+ Bd7 9. Bxd7+ Nxd7 10. 0-0 0-0 11. Qe2 Qc7 12. Rd1 Rfd8 13. Bg5 Re8 14. Rac1 Rac8 15. h3 Qa5 16. e5 Nb6 17. Qe4 Nc4 18. Bd2 Nb2 19. Rf1 Nc4 20. Bf4 b5 21. Ng5 Qb6 22. a4 cxd4 23. cxd4 Red8 24. d5 Qb7 25. Rfd1 Nb2 26. Rxc8 Rxc8 27. Rb1 bxa4 28. Qxa4 Nxa4 29. Rxb7 Nc3 30. Rd7 Ne2+ 31. Kf1 Nxf4 32. g3 0-1

[Event "Niederbayernliga 1112"]
[White "Ebner, Johannes"]
[Black "Schoepe, Tobias"]
[Site "Bayern"]
[Round "1"]
[Result "0-1"]
[Date "2011.??.??"]
[WhiteElo "1800"]
[BlackElo "1849"]
[PlyCount "104"]
[EventDate "2011.10.??"]
[EventType "team-tourn"]
[EventRounds "9"]
[EventCountry "GER"]
[SourceTitle "EXT 2023"]
[Source "ChessBase"]
[SourceDate "2022.10.05"]
[SourceVersion "1"]
[SourceVersionDate "2022.10.05"]
[SourceQuality "1"]
[WhiteTeam "Grafenau"]
[BlackTeam "Ergolding"]
[WhiteTeamCountry "GER"]
[BlackTeamCountry "GER"]

1. d4 Nf6 2. c4 g6 3. Nc3 d5 4. Nf3 Bg7 5. Bg5 Ne4 6. Bf4 Nxc3 7. bxc3 c5 8. e3 Nc6 9. Rb1 a6 10. Qd2 0-0 11. cxd5 Qxd5 12. c4 Qf5 13. Bd3 Qg4 14. h3 Qd7 15. d5 Nb4 16. Be2 Qa4 17. Be5 f6 18. Bc3 Nc2+ 19. Kf1 Na3 20. Qd1 Qxd1+ 21. Rxd1 b5 22. Bb2 Nxc4 23. Bxc4 bxc4 24. Ba3 Bd7 25. Bxc5 Rfe8 26. Rb1 Rac8 27. Bd4 Bb5 28. Bc3 Red8 29. e4 f5 30. Bxg7 Kxg7 31. Nd4 c3+ 32. Ke1 Rd6 33. f3 fxe4 34. fxe4 c2 35. Rc1 Bd3 36. Kd2 Bxe4 37. Rhe1 Bxd5 38. Rxe7+ Kg8 39. Rxc2 Rxc2+ 40. Kxc2 Bxg2 41. Ne6 Bxh3 42. Ng5 Bf5+ 43. Kc3 Rd7 44. Re3 h6 45. Nf3 Kg7 46. Nd4 Kf6 47. Re8 Rd6 48. Kc4 Be6+ 49. Kc5 Rd5+ 50. Kc4 Bf7 51. Re3 Re5+ 52. Kd3 Rxe3+ 0-1

[Event "GER-chT U16"]
[White "Schoepe, Tobias"]
[Black "Abrahamyan, Arsen"]
[Site "Naumburg"]
[Round "7.4"]
[Result "0-1"]
[Date "2010.12.30"]
[WhiteElo "1739"]
[BlackElo "1685"]
[PlyCount "98"]
[EventDate "2010.12.27"]
[EventType "team-swiss"]
[EventRounds "7"]
[EventCountry "GER"]
[SourceTitle "CBM 140 Extra"]
[Source "ChessBase"]
[SourceDate "2011.03.01"]
[SourceVersion "1"]
[SourceVersionDate "2011.03.01"]
[SourceQuality "1"]
[WhiteTeam "Ergolding"]
[BlackTeam "Frankfurt TV"]
[WhiteTeamCountry "GER"]
[BlackTeamCountry "GER"]

1. e4 c5 2. Nc3 Nc6 3. f4 g6 4. Nf3 Bg7 5. d3 e6 6. Be2 Nge7 7. 0-0 0-0 8. Kh1 d5 9. Ng5 Nd4 10. Nf3 Nec6 11. Nxd4 Nxd4 12. Bf3 Nxf3 13. Qxf3 d4 14. Ne2 Bd7 15. Ng3 f5 16. Qe2 Re8 17. Qf2 Bc6 18. Bd2 Qb6 19. Rab1 a5 20. a3 Qc7 21. Rfc1 b6 22. b4 axb4 23. axb4 Ra2 24. bxc5 bxc5 25. Qe1 Bh6 26. e5 Rb8 27. Ra1 Rbb2 28. Rxa2 Rxa2 29. Kg1 Qa7 30. Nf1 Bf8 31. Qg3 Ba4 32. c3 dxc3 33. Rxc3 Bc6 34. Rc1 Qd7 35. h4 Ra3 36. Bc3 Rxc3 37. Rxc3 Qd4+ 38. Kh2 Qxc3 39. h5 Kf7 40. Qg5 Bg7 41. h6 Bxe5 42. fxe5 Qxe5+ 43. Kg1 Qd4+ 44. Qe3 Kf6 45. Qxd4+ cxd4 46. Nd2 Bb5 47. Nb3 e5 48. Nc1 Kg5 49. Kf2 Kxh6 0-1

[Event "GER-chT U16"]
[White "Bodden, Daniel"]
[Black "Schoepe, Tobias"]
[Site "Naumburg"]
[Round "6.4"]
[Result "0-1"]
[Date "2010.12.29"]
[WhiteElo "1393"]
[BlackElo "1739"]
[PlyCount "56"]
[EventDate "2010.12.27"]
[EventType "team-swiss"]
[EventRounds "7"]
[EventCountry "GER"]
[SourceTitle "CBM 140 Extra"]
[Source "ChessBase"]
[SourceDate "2011.03.01"]
[SourceVersion "1"]
[SourceVersionDate "2011.03.01"]
[SourceQuality "1"]
[WhiteTeam "Heinsberg"]
[BlackTeam "Ergolding"]
[WhiteTeamCountry "GER"]
[BlackTeamCountry "GER"]

1. e4 e6 2. d4 d5 3. Nc3 Nf6 4. e5 Nfd7 5. Nf3 a6 6. Be3 c5 7. Be2 Nc6 8. Qd2 Be7 9. 0-0 0-0 10. dxc5 Ncxe5 11. Nxe5 Nxe5 12. Qd4 Bf6 13. Qd2 Nc6 14. Bf4 Be7 15. Qd3 Bxc5 16. Qg3 Kh8 17. Rad1 Bd7 18. Bd3 Nb4 19. Bc7 Qc8 20. Be2 Nc6 21. Na4 Nd4 22. Bd3 Bxa4 23. Be5 f6 24. Bxd4 Bxd4 25. Qh4 h6 26. Qxd4 Bb5 27. c4 dxc4 28. Rc1 Rd8 0-1

[Event "GER-chT U14"]
[White "Hoffmann, Dustin"]
[Black "Schoepe, Tobias"]
[Site "Arendsee"]
[Round "7.3"]
[Result "0-1"]
[Date "2009.12.30"]
[WhiteElo "1471"]
[BlackElo "1696"]
[PlyCount "64"]
[EventDate "2009.12.27"]
[EventType "team-swiss"]
[EventRounds "7"]
[EventCountry "GER"]
[SourceTitle "EXT 2022"]
[Source "ChessBase"]
[SourceDate "2021.10.06"]
[SourceVersion "1"]
[SourceVersionDate "2021.10.06"]
[SourceQuality "1"]
[WhiteTeam "Merseburg U14"]
[BlackTeam "Ergolding FC U14"]
[WhiteTeamCountry "GER"]
[BlackTeamCountry "GER"]

1. e4 c5 2. Nf3 e6 3. d4 cxd4 4. Nxd4 a6 5. Bd3 Qc7 6. 0-0 Nf6 7. Nc3 Be7 8. Be3 0-0 9. Qd2 d6 10. f3 Nbd7 11. a4 b6 12. Nb3 Bb7 13. Rfe1 Rfd8 14. Qf2 Rac8 15. a5 b5 16. Kh1 d5 17. exd5 Nxd5 18. Nd2 Nxc3 19. bxc3 Qxc3 20. Bd4 Qc7 21. Ne4 Bxe4 22. Bxe4 Bf6 23. Bb6 Nxb6 24. axb6 Bxa1 25. Rxa1 Qc3 26. Rf1 Rb8 27. b7 f5 28. Bd3 Rxb7 29. Qe3 Re7 30. Qb6 Qc8 31. Re1 Rb7 32. Bxf5 exf5 0-1

[Event "GER-ch U12"]
[White "Priese, Annika"]
[Black "Schoepe, Tobias"]
[Site "Willingen"]
[Round "6"]
[Result "0-1"]
[Date "2009.06.03"]
[WhiteElo "1446"]
[BlackElo "1576"]
[PlyCount "126"]
[EventDate "2009.05.30"]
[EventType "swiss"]
[EventRounds "11"]
[EventCountry "GER"]
[SourceTitle "EXT 2010"]
[Source "ChessBase"]
[SourceDate "2010.11.25"]
[SourceVersion "1"]
[SourceVersionDate "2010.11.25"]
[SourceQuality "1"]

1. e4 e5 2. Bc4 Nf6 3. d3 c6 4. Nd2 d5 5. Bb3 Bd6 6. c3 0-0 7. Ngf3 Nbd7 8. 0-0 Nc5 9. Bc2 Bg4 10. Re1 dxe4 11. dxe4 Bc7 12. Qe2 Qe7 13. Nf1 Ne6 14. Ng3 Nh5 15. Nxh5 Bxh5 16. Kh1 Qf6 17. Bd1 Rad8 18. Qc2 Bb6 19. Be3 Bxe3 20. Rxe3 Nf4 21. Nd2 Qd6 22. Nf3 Bxf3 23. Rxf3 Qd2 24. Qxd2 Rxd2 25. b4 Rfd8 26. Bb3 R2d3 27. Rxd3 Rxd3 28. c4 Rd2 29. Rd1 Rxd1+ 30. Bxd1 Nd3 31. Kg1 Nxb4 32. Bb3 Kf8 33. Kf1 Ke7 34. Ke2 Kd6 35. Ke3 f6 36. f4 exf4+ 37. Kxf4 Nd3+ 38. Kf5 Ke7 39. h4 g6+ 40. Kg4 Kd6 41. Bc2 Ne5+ 42. Kf4 Nxc4 43. g4 h6 44. Bb1 Ne5 45. Bc2 b5 46. Bb3 c5 47. Bg8 c4 48. Bh7 g5+ 49. hxg5 hxg5+ 50. Kf5 c3 51. Kxf6 c2 52. Kxg5 c1Q+ 53. Kf6 Qh6+ 54. Kf5 Qxh7+ 55. Kf4 Qf7+ 56. Ke3 Qf3+ 57. Kd2 Kc5 58. g5 Kc4 59. g6 Nxg6 60. e5 Nxe5 61. a4 Qf2+ 62. Kc1 Kc3 63. axb5 Qc2# 0-1

[Event "GER-ch U12"]
[White "Schoepe, Tobias"]
[Black "Tennert, Simon"]
[Site "Willingen"]
[Round "7"]
[Result "1-0"]
[Date "2009.06.03"]
[WhiteElo "1576"]
[BlackElo "1729"]
[PlyCount "37"]
[EventDate "2009.05.30"]
[EventType "swiss"]
[EventRounds "11"]
[EventCountry "GER"]
[SourceTitle "EXT 2010"]
[Source "ChessBase"]
[SourceDate "2010.11.25"]
[SourceVersion "1"]
[SourceVersionDate "2010.11.25"]
[SourceQuality "1"]

1. e4 e5 2. Nf3 Nc6 3. d4 exd4 4. Nxd4 Nf6 5. Nxc6 bxc6 6. Bd3 d5 7. exd5 cxd5 8. 0-0 Be7 9. Nd2 0-0 10. Re1 Re8 11. Nb3 c5 12. c4 d4 13. Bf4 Bb7 14. Qd2 Nh5 15. Re5 g6 16. Nxc5 Bxc5 17. Rxc5 Nxf4 18. Qxf4 Qe7 19. Rc7 1-0

[Event "GER-ch U12"]
[White "Schoepe, Tobias"]
[Black "Bonk, Andras"]
[Site "Willingen"]
[Round "3"]
[Result "1-0"]
[Date "2009.06.01"]
[WhiteElo "1576"]
[BlackElo "1759"]
[PlyCount "135"]
[EventDate "2009.05.30"]
[EventType "swiss"]
[EventRounds "11"]
[EventCountry "GER"]
[SourceTitle "EXT 2010"]
[Source "ChessBase"]
[SourceDate "2010.11.25"]
[SourceVersion "1"]
[SourceVersionDate "2010.11.25"]
[SourceQuality "1"]

1. e4 c5 2. Nf3 Nc6 3. d4 cxd4 4. Nxd4 Nf6 5. Nc3 e6 6. Be3 Bb4 7. Bd3 d5 8. Nxc6 bxc6 9. e5 Nd7 10. Qg4 Qa5 11. 0-0 g6 12. a3 Bxc3 13. bxc3 c5 14. c4 Nxe5 15. Qg5 Nxd3 16. cxd3 d4 17. Bxd4 h6 18. Qe5 Rg8 19. Bxc5 Qd8 20. Qe3 g5 21. Qe4 Qc7 22. Qxa8 Qxc5 23. d4 Qc7 24. d5 Ke7 25. Qc6 Qxc6 26. dxc6 Kd6 27. c5+ Kxc6 28. Rac1 Rd8 29. Rfd1 Rd5 30. Rxd5 exd5 31. Kf1 Ba6+ 32. Ke1 Bc4 33. Kd2 Kxc5 34. Re1 Kd6 35. Kc3 h5 36. Kd4 f6 37. Re8 h4 38. g3 hxg3 39. hxg3 a6 40. f4 gxf4 41. gxf4 Kd7 42. Re3 Ba2 43. f5 Bb1 44. Re6 Bxf5 45. Rxf6 Be4 46. Rxa6 Kc7 47. Kc5 Kb7 48. Rd6 Kc7 49. a4 Kb7 50. a5 Ka7 51. Rf6 Bg2 52. Rd6 Be4 53. Kb5 Bd3+ 54. Kc5 Bc4 55. Rb6 Ba2 56. Rb2 Bc4 57. Rb6 Ba2 58. Rd6 Bc4 59. Kd4 Ba2 60. Ke5 Bc4 61. Kf6 Bb3 62. Ke7 Ba4 63. Rxd5 Ka6 64. Kd6 Bb5 65. Kc5 Kxa5 66. Rd1 Be8 67. Ra1+ Ba4 68. Kc4 1-0

[Event "GER-chT U14"]
[White "Holle, Cedric"]
[Black "Schoepe, Tobias"]
[Site "Verden"]
[Round "5.3"]
[Result "1-0"]
[Date "2008.12.29"]
[WhiteElo "1643"]
[BlackElo "1539"]
[PlyCount "181"]
[EventDate "2008.12.27"]
[EventType "team-swiss"]
[EventRounds "7"]
[EventCountry "GER"]
[SourceTitle "EXT 2010"]
[Source "ChessBase"]
[SourceDate "2010.11.25"]
[SourceVersion "1"]
[SourceVersionDate "2010.11.25"]
[SourceQuality "1"]
[WhiteTeam "Heusweiler SC Reti"]
[BlackTeam "Ergolding"]
[WhiteTeamCountry "GER"]
[BlackTeamCountry "GER"]

1. e4 e5 2. Nf3 Nc6 3. d4 exd4 4. Nxd4 Bc5 5. Be3 Qf6 6. c3 a6 7. Bc4 Nge7 8. 0-0 Bb6 9. Nxc6 Qxc6 10. Bd5 Nxd5 11. exd5 Qf6 12. Na3 0-0 13. Nc4 Bxe3 14. fxe3 Qe7 15. Qd4 d6 16. e4 Re8 17. Rae1 f6 18. Rf3 Bd7 19. Ree3 Bb5 20. Nd2 Qe5 21. Qxe5 Rxe5 22. c4 Bd7 23. b4 b6 24. Kf2 Rae8 25. Ra3 Ra8 26. h3 Kf7 27. g4 h6 28. b5 a5 29. Rae3 Rae8 30. a4 R8e7 31. Ke2 Re8 32. Kd3 Kg6 33. h4 Kf7 34. Rg3 Rh8 35. Ref3 Kg6 36. Rf4 Ree8 37. Nf3 Kf7 38. g5 hxg5 39. Nxg5+ Ke7 40. Nf3 Reg8 41. Kd4 Rh5 42. Nh2 Rh7 43. Nf1 Rgh8 44. Ne3 Kf7 45. Ng2 Ke7 46. Ne3 Kf7 47. Ng2 Ke7 48. Rf1 Be8 49. Rg1 Rg8 50. Nf4 Bf7 51. Rg4 Kd7 52. Ke3 Ke7 53. Ne2 Bh5 54. Rf4 Bxe2 55. Kxe2 Rgh8 56. Kd3 Kf7 57. Rfg4 Rg8 58. Ke3 Rgh8 59. Kf3 Rg8 60. Kg3 Rgh8 61. Kh3 Rg8 62. Rf1 Re8 63. Rf5 Re7 64. Kg3 Re8 65. h5 Reh8 66. Kh4 Rh6 67. Rgg5 R6h7 68. Kg4 Ke7 69. Rg6 Rg8 70. Rfxf6 Rgh8 71. Rf5 Rd8 72. Re6+ Kd7 73. Rf7+ Kc8 74. Ree7 Rdh8 75. Rxc7+ Kb8 76. Rc6 Rxh5 77. Rxb6+ Kc8 78. Rc6+ Kb8 79. Rxg7 Rh4+ 80. Kf5 Rf8+ 81. Ke6 Rh6+ 82. Kd7 Rh4 83. Kxd6 Rxe4 84. Rgc7 Ree8 85. Kc5 Rd8 86. b6 Rfe8 87. b7 Ka7 88. Kb5 Rf8 89. Rc8 Rxc8 90. bxc8Q Rxc8 91. Rxc8 1-0

[Event "GER-ch U12"]
[White "Schoepe, Tobias"]
[Black "Boberg, Tobias Marcel"]
[Site "Willingen"]
[Round "9"]
[Result "1-0"]
[Date "2008.05.16"]
[WhiteElo "1550"]
[BlackElo "1283"]
[PlyCount "113"]
[EventDate "2008.05.11"]
[EventType "swiss"]
[EventRounds "11"]
[EventCountry "GER"]
[SourceTitle "CBM 124 Extra"]
[Source "ChessBase"]
[SourceDate "2008.07.03"]
[SourceVersion "1"]
[SourceVersionDate "2008.07.03"]
[SourceQuality "1"]

1. e4 e5 2. Nf3 Nc6 3. Nc3 Nf6 4. d4 exd4 5. Nxd4 Bc5 6. Nxc6 bxc6 7. Bc4 0-0 8. 0-0 Re8 9. Re1 Qe7 10. Bf4 d6 11. h3 Be6 12. Bb3 Bxb3 13. axb3 Qd7 14. Qf3 Re6 15. Rad1 Qe8 16. Re2 Rb8 17. Rde1 Bd4 18. Qd3 Rb4 19. Na2 Bxf2+ 20. Kxf2 Rbxe4 21. Rxe4 Nxe4+ 22. Kg1 Nc5 23. Rxe6 Qxe6 24. Qe3 Qd7 25. b4 Ne6 26. Qxa7 Qe8 27. Qe3 h6 28. Kh2 Qe7 29. Bg3 Qf6 30. Nc3 d5 31. Qe5 Qe7 32. b5 d4 33. Ne2 c5 34. Nf4 Qe8 35. Nxe6 fxe6 36. Qxc7 Qxb5 37. Qb8+ Qxb8 38. Bxb8 Kf7 39. Be5 Kg6 40. Kg3 Kf5 41. Bxg7 h5 42. Kf2 Ke4 43. Ke2 e5 44. g4 hxg4 45. hxg4 Kf4 46. g5 e4 47. Bf6 Kf5 48. b3 Kg6 49. Be7 Kf5 50. Bxc5 Kf4 51. Bxd4 Kf5 52. Ke3 Ke6 53. Kxe4 Kd7 54. b4 Kc8 55. c4 Kb7 56. Kd5 Kc7 57. b5 1-0

[Event "GER-ch U10"]
[White "Schoepe, Tobias"]
[Black "Gayday, Alina"]
[Site "Willingen"]
[Round "11"]
[Result "1-0"]
[Date "2007.06.01"]
[WhiteElo "1239"]
[BlackElo "1024"]
[PlyCount "129"]
[EventDate "2007.05.26"]
[EventType "swiss"]
[EventRounds "11"]
[EventCountry "GER"]
[SourceTitle "CBM 118 Extra"]
[Source "ChessBase"]
[SourceDate "2007.07.04"]
[SourceVersion "1"]
[SourceVersionDate "2007.07.04"]
[SourceQuality "1"]

1. e4 e5 2. Nf3 Nc6 3. Nc3 Nf6 4. d4 exd4 5. Nxd4 Bb4 6. Nxc6 bxc6 7. Bd3 d5 8. exd5 cxd5 9. 0-0 0-0 10. Bg5 c6 11. Qf3 Be7 12. Rfe1 Rb8 13. Rab1 h6 14. Bh4 Re8 15. h3 Qd6 16. Bg3 Qb4 17. Bxb8 Qxb8 18. Qg3 Qxg3 19. fxg3 Bc5+ 20. Kh1 Be6 21. g4 d4 22. Ne4 Nxe4 23. Rxe4 Rb8 24. b3 Bd5 25. Re2 Bd6 26. Be4 Bxe4 27. Rxe4 c5 28. Rbe1 Kf8 29. Rf1 a6 30. Rf5 Rb7 31. Rd5 Rd7 32. Ree5 Rd8 33. Kg1 f6 34. Re6 Bh2+ 35. Kxh2 Rxd5 36. Rxa6 Ke7 37. Ra7+ Rd7 38. Rxd7+ Kxd7 39. Kg3 g5 40. Kf3 Kd6 41. Ke4 Ke6 42. a4 Kd6 43. a5 Kc6 44. a6 Kb6 45. Kd5 Kxa6 46. Kxc5 Ka5 47. Kxd4 Kb5 48. c4+ Kc6 49. b4 Kb6 50. Kd5 Kc7 51. c5 Kb7 52. Kd6 Kc8 53. c6 Kb8 54. Kd7 Ka7 55. c7 Kb7 56. c8Q+ Kb6 57. Qc6+ Ka7 58. b5 Kb8 59. Kd6 Ka7 60. Qa6+ Kb8 61. Ke6 Kc7 62. Qc6+ Kb8 63. Qd7 Ka8 64. Kd6 Kb8 65. Kc6 1-0